Famosos por letra - L - Estadísticas

Estadísticas generales
  • Esta prueba ha sido intentada 70 veces
  • La puntuación promedio es 8 de 16
Estadísticas de respuestas
Imagen Respuesta % Correcto
Leonardo DiCaprio
100%
Lionel Messi
97%
Luka Modric
88%
Leonardo Da Vinci
81%
Liam Hemsworth
69%
Lana Del Rey
66%
Lily Collins
58%
Louis Tomlinson
58%
Lenny Kravitz
56%
Lupita Nyong'o
36%
Liza Minnelli
27%
Laura Dern
20%
Liberace
12%
Lana Parrilla
7%
Lupita Jones
7%
Lupita D'Alessio
5%
No se encontraron pruebas coincidentes
Distribución de puntuación
Porcentaje de gente con cada puntuación
Porcentaje por número respondido
Historial de tus puntuaciones
No has intentado esta prueba.